Aktuálny stav znaleckej činnosti v SR so zameraním na súdne dokazovanie

Legislatívna úprava znaleckej činnosti. Pôsobnosť Ministerstva spravoslivosti SR v súvislosti s činnosťou znalcov. Znalectvo ako súčasť súdneho dokazovania.

Guardado en:
Detalles Bibliográficos
Autor principal: Littvová, Veronika
Formato: Capítulo de libro
Lenguaje:eslovaco
Materias:
Etiquetas: Agregar Etiqueta
Sin Etiquetas, Sea el primero en etiquetar este registro!

MARC

LEADER 00000naa a2200000 4500
001 0145583
005 20250721122612.8
041 0 |a slo 
044 |a SK 
245 1 0 |a Aktuálny stav znaleckej činnosti v SR so zameraním na súdne dokazovanie  |c Veronika Littvová 
520 |a Legislatívna úprava znaleckej činnosti. Pôsobnosť Ministerstva spravoslivosti SR v súvislosti s činnosťou znalcov. Znalectvo ako súčasť súdneho dokazovania. 
610 2 0 |a znalectvo 
610 2 0 |a znalci 
610 2 0 |a legislatíva 
610 2 0 |a súdy 
610 2 0 |a dokazovanie 
610 2 0 |a Slovensko 
100 1 |a Littvová, Veronika